| 000 | 00807cam a2200229 a 4500 | ||
|---|---|---|---|
| 001 | 000007170 | ||
| 005 | 20200929154103.0 | ||
| 008 | 910516s1990 sp a b 001 0dspa | ||
| 020 | _a842396227X | ||
| 040 |
_aDO-SdBNP _cDLC _dDLC |
||
| 082 |
_a330.092 _bV432e |
||
| 100 | 1 |
_aVelarde Fuertes, Juan, _d1927- _919910 |
|
| 245 | 1 | 0 |
_aEconomistas españoles contemporáneos : _bprimeros maestros / _cJuan Velarde Fuertes. |
| 260 |
_aMadrid : _bEspasa Calpe, _c1990. |
||
| 300 |
_a234 p. : _bil. ; _c21 cm. |
||
| 490 | 1 |
_aBiblioteca de economía _aSerie Estudios |
|
| 504 | _aIncluye bibliografía e índice. | ||
| 650 | 4 |
_aEconomistas _919911 |
|
| 650 | 4 |
_aEspaña _xCondiciones económicas _ySIGLO XX _919912 |
|
| 830 | 0 |
_aBiblioteca de economía ; _pSerie Estudios _919913 |
|
| 910 | _aCatalogación por copia / LC | ||
| 999 |
_c6951 _d6951 |
||